Ulrichi Hermann: nekrolog
Elmentve itt :
| Szerző: | |
|---|---|
| Adatforrás: | Philobibl |
| Forrásdokumentuma: | Magyar Philosophiai Szemle/3. évf 1884., 81-88 p. |
| Dokumentumtípus: | Cikk |
| Nyelv: | magyar |
| LEADER | 00290nab a2200097 c 4500 | ||
|---|---|---|---|
| 001 | bibDOK00010747 | ||
| 005 | 20200924120625.5 | ||
| 008 | 060518s1884 hu hun | ||
| 100 | 1 | |a Buday József | |
| 245 | 1 | 0 | |a Ulrichi Hermann: nekrolog |c Buday József |
| 773 | 0 | |t Magyar Philosophiai Szemle/3. évf |g 1884., 81-88 p. | |